LEADER 01095nas 2200421 c 450 001 9910893800603321 005 20260218112745.0 024 7 $aurn:nbn:de:0128-6-5428 035 $a(CKB)5280000000199384 035 $a(DE-599)ZDB2758070-2 035 $a(OCoLC)1185405496 035 $a(DE-101)1047647532 035 $a(DE-599)2758070-2 035 $a(EXLCZ)995280000000199384 100 $a20140219b17441745 |y | 101 0 $ager 135 $aur||||||||||| 181 $ctxt$2rdacontent 182 $cc$2rdamedia 183 $acr$2rdacarrier 200 00$aTrierische Staats- und gelehrte Zeitungen 210 31$aTrier$c[Trierische Zeitungs-Bude]$d1744-1745 215 $aOnline-Ressource 607 $aTrier$2gnd 608 $aZeitung$2gnd-content 608 $aZeitung$2gnd 676 $a070 676 $a914.3 676 $a943 676 $a060 686 $a100$2rpb 801 0$b0929 801 1$bDE-101 801 2$b9999 906 $aJOURNAL 912 $a9910893800603321 996 $aTrierische Staats- und gelehrte Zeitungen$94229395 997 $aUNINA